| 000 | 00954nam a2200277 a 4500 | ||
|---|---|---|---|
| 001 | 1023 | ||
| 003 | BR-CuiBMT | ||
| 005 | 20231126012554.0 | ||
| 008 | 231121s2009 spb 000 0 por d | ||
| 020 | _a9788502073067 | ||
| 040 |
_aBR-CuiBMT _cBR-CuiBMT |
||
| 080 |
_a35.078.3:342.4(81) _22007 |
||
| 090 |
_a35.078.3:342.4(81) _bS619c _c2. ed. |
||
| 100 | 1 |
_aSiraque, Vanderlei, _d1960- |
|
| 245 | 1 | 0 |
_aControle social da função administrativa do Estado : _bpossibilidades e limitações na Constituição de 1988 / _cVanderlei Siraque. |
| 250 | _a2. ed. | ||
| 260 |
_aSão Paulo : _bSaraiva, _c2009. |
||
| 300 |
_a230 p. : _c21 cm |
||
| 504 | _aInclui bibliografia. | ||
| 650 |
_aResponsabilidade administrativa _zBrasil |
||
| 650 |
_aControle social _zBrasil |
||
| 650 |
_aAdministração pública _xControle judicial _zBrasil |
||
| 650 |
_aEstado (unidade da federação) _zBrasil |
||
| 650 |
_aBrasil _xConstituição (1988) |
||
| 942 |
_2udc _cLV |
||
| 999 |
_c1023 _d1023 |
||